000
00299nam a22001337a 4500
008
170825b xxu||||| |||| 00| 0 eng d
020
_a
2900073385029
041
_a
eng
080
_2
7 ED
_a
070
100
_a
40
101
_a
MAT
245
_a
COMUNICATION THEORY
_c
GRIFFIN.E
942
_2
udc
_c
BK
999
_c
24984
_d
24984